|
|
|
|
| LEADER |
00000naa2a2200000 4500 |
| 001 |
628857 |
| 005 |
20260216144808.0 |
| 035 |
|
|
|a (RuTPU)RU\TPU\conf\29168
|
| 035 |
|
|
|a RU\TPU\conf\29167
|
| 090 |
|
|
|a 628857
|
| 100 |
|
|
|a 20181220d2018 k y0rusy50 ba
|
| 101 |
0 |
|
|a eng
|
| 102 |
|
|
|a RU
|
| 135 |
|
|
|a drgn ---uucaa
|
| 181 |
|
0 |
|a i
|
| 182 |
|
0 |
|a b
|
| 200 |
1 |
|
|a Mathematical modeling of the combustion wave in the SHS
|f M. M. Balachkov, A. A. Permikin
|
| 203 |
|
|
|a Текст
|c электронный
|
| 300 |
|
|
|a Заглавие с экрана
|
| 463 |
|
0 |
|0 (RuTPU)RU\TPU\conf\29147
|t Междисциплинарные проблемы аддитивных технологий
|o сборник тезисов IV Всероссийского научного семинара с международным участием, 29-31 октября 2018, Томск
|f Национальный исследовательский Томский политехнический университет (ТПУ) ; под ред. А. Г. Князевой
|v [С. 9]
|d 2018
|
| 610 |
1 |
|
|a электронный ресурс
|
| 610 |
1 |
|
|a труды учёных ТПУ
|
| 610 |
1 |
|
|a математическое моделирование
|
| 610 |
1 |
|
|a волны горения
|
| 610 |
1 |
|
|a диоксид урана
|
| 610 |
1 |
|
|a ядерные реакторы
|
| 610 |
1 |
|
|a теплопроводность
|
| 610 |
1 |
|
|a ядерное топливо
|
| 610 |
1 |
|
|a дисперсионное топливо
|
| 610 |
1 |
|
|a порошковая металлургия
|
| 610 |
1 |
|
|a математические модели
|
| 700 |
|
1 |
|a Balachkov
|b M. M.
|c Specialist in the field of nuclear technologies
|c Technician of Tomsk Polytechnic University
|f 1995-
|g Maxim Mikhailovich
|3 (RuTPU)RU\TPU\pers\46466
|9 22131
|
| 701 |
|
1 |
|a Permikin
|b A. A.
|c Specialist in the field of nuclear technologies
|c Engineer of Tomsk Polytechnic University
|f 1995-
|g Anton Andreevich
|3 (RuTPU)RU\TPU\pers\46465
|9 22130
|
| 801 |
|
2 |
|a RU
|b 63413507
|c 20200625
|g RCR
|
| 850 |
|
|
|a 63413507
|
| 856 |
4 |
0 |
|u http://earchive.tpu.ru/handle/11683/52231
|z http://earchive.tpu.ru/handle/11683/52231
|
| 942 |
|
|
|c CF
|